00670nam a2200205 a 450000100060000000300080000600500170001400800410003102000280007203500190010004000320011904100080015108200300015910000230018924500640021226000530027630000330032950400410036265000610040363454BD-RjUL20211209081211.0170130s1977 njua 000 0 eng  a0134580753.a0134580672 a(BD-RjUL)63583 aDLCcDLCdDLCdBD-RjULbeng aeng00223a658.4080722bBAI 19771 aBarach, Jeffrey A.04aThe Individual, business, and society /cJeffrey A. Barach. aEnglewood Cliffs, N.J. :bPrentice-Hall,cc1977. axi, 468 p. :bill. ;c24 cm. aIncludes bibliographical references. 0aIndustriesxSocial aspectszUnited StatesxCase studies.